000 01048nas a2200301 4500
001 BR8704787
003 BR-BrBNA
005 20231205090719.0
007 ta
008 230509b bl.|||p| |||| 00| 00por d
040 _aBR-BrBNA
_bpor
_cBiblioteca Nacional de Agricultura
041 _a(Pt)
072 _aL72
100 1 _aPiccinini, R.S.
100 1 _aPeracchi, A.L.
100 1 _aSouza, J.C.P.
100 1 _aAlbuquerque, S.T.
100 1 _aRaimundo, S.D.L.
100 1 _aTannure, A.M.
100 1 _aFurtado, L.L.
245 1 _aComportamento do morcego hematofago (Desmodus rotundus)(Chiroptera)relacionado com a taxa de ataque a bovinos em cativeiro
246 1 _aBehavioral study of the vampire bat Desmodus rotundus (Chiroptera)related with the attack rate on cattle in captivity
650 _aBOVINO
650 _aMORCEGO HEMATOFAGO
773 0 _tPesquisa Veterinaria Brasileira (Brazil)
_xISSN 0100-736X
_g(Oct-Dec 1985), v. 5(4) p. 111-116
_wBR8704787
909 _a202311
_bLúcia
_c55
_dLúcia Elande
942 _2AGRIS
_n0
_cANA
999 _c120410
_d120410